Visualizzazione normale
Vista MARC
- Casadei Secondo
di Personal Name
Records bibliografici associati: 1
001 - CONTROL NUMBER
- control field: 8559
003 - CONTROL NUMBER IDENTIFIER
- control field: IT-RoPau
005 - DATE AND TIME OF LATEST TRANSACTION
- control field: 20140109164746.0
008 - FIXED-LENGTH DATA ELEMENTS
- fixed length control field: 140109|| aca||aabn | a|a d
040 ## - CATALOGING SOURCE
- Original cataloging agency: IT-RoPau
- Transcribing agency: IT-RoPau
100 ## - HEADING--PERSONAL NAME
- Personal name: Casadei Secondo
670 ## - SOURCE DATA FOUND
- Source citation: Work cat.: (IT-RoPau)100334: Casadei Secondo, Ricordando Casadei